000 00489nam a2200181Ia 4500
001 20681
005 20260306172823.0
008 260306t2023||||xx |||||||||||||| ||spa||
041 _aESP
082 _a343.6
_bP42
100 _aPeña Cabrera Freyre, Alonso,
_eAUT
245 0 _aAspectos sustantivos y la prueba en los delitos contra la administración pública
260 _c2023
300 _a894 páginas :
_c25 cm.
650 _aGEN
654 _aCDE
942 _cLIB
_dJUS
_fJUS
_2ddc
_n
999 _c20681
_d20681